|
|
|
|
| LEADER |
00000cam a2200000 a 4500 |
| 001 |
1/111389 |
| 008 |
160720s2012####gr | ||| |||| ||gre|| |
| 040 |
|
|
|a GR-MyUa
|b gre
|c GR-MyUa
|e AACR2
|
| 041 |
0 |
|
|a gre
|
| 082 |
7 |
|
|a 700.92
|2 (23)
|
| 100 |
1 |
|
|a Βερέμη, Μαριάννα.
|
| 245 |
1 |
0 |
|a Μαριάννα Βερέμη :
|b εαρινή ισημερία.
|
| 260 |
|
|
|a [Αθήνα] :
|b Νερέας,
|c [2012]
|
| 300 |
|
|
|a 47 σ. :
|b εικ. ;
|c 22 εκ.
|
| 500 |
|
|
|a Κατάλογος έκθεσης: Πολιτιστικό Κέντρο Δήμου Κηφισιάς, 2012.
|
| 600 |
1 |
7 |
|2 nlgaf
|a Βερέμη, Μαριάννα
|v Exhibitions.
|
| 852 |
|
|
|a INST
|b SYROS
|e 20160720
|h 700.92 ΒΕΡ
|p 005500012675
|q 005500012675
|t BK
|y 0
|
| 970 |
|
|
|a Κοντού
|b Παρασκευή
|z 20/07/2016
|